Orlando Magic NBA Playoffs Leaders Per Year - Statistics

General Stats
  • This quiz has been taken 658 times
    18 since last reset
  • The average score is 13 of 32
Answer Stats
Player % Correct
Franz Wagner
100%
Paolo Banchero
100%
Jalen Suggs
94%
Wendell Carter Jr.
88%
Dwight Howard
81%
Penny Hardaway
81%
Shaquille O'Neal
81%
Anthony Black
63%
Tracy McGrady
63%
Nikola Vučević
56%
Jameer Nelson
50%
Grant Hill
44%
Hedo Turkoglu
44%
Nick Anderson
44%
Rashard Lewis
44%
Aaron Gordon
31%
Evan Fournier
31%
Jonathan Isaac
31%
Jonathan Isaac
31%
Kentavious Caldwell-Pope
25%
Markelle Fultz
25%
Darrell Armstrong
19%
D.J. Augustin
19%
Bo Outlaw
13%
Jason Richardson
13%
Drew Gooden
6%
Glen Davis
6%
Horace Grant
6%
Khem Birch
6%
Rafer Alston
6%
Darko Milicic
0%
Derek Strong
0%
No matching quizzes found
Score Distribution
Percent of People with Each Score
Percentile by Number Answered
Your Score History
You have not taken this quiz since the last reset